Working with words: a guide to teaching and learning vocabulary

Enregistré dans:
Détails bibliographiques
Auteurs principaux: Gairns, Ruth (Auteur), Redmana, Stuart (Auteur)
Format: Livre
Langue:anglais
Publié: Cambridge Cambridge University Press 1986
Édition:1a. ed
Sujets:
Tags: Ajouter un tag
Pas de tags, Soyez le premier à ajouter un tag!

MARC

LEADER 00000nam a2200000 a 4500
001 UCI1713
003 CL-VaPUC
008 070713e19860000US |||||||||||||||||eng|d
020 |a 0521317096 
082 0 4 |a 428  |b GAI  |2 21 
100 |a Gairns, Ruth  |e author  |9 558590 
700 0 |a Redmana, Stuart  |e author  |9 522365 
245 1 0 |a Working with words: a guide to teaching and learning vocabulary 
250 |a 1a. ed 
300 |a 200 p 
942 |c BK 
945 |d 20070713 00:00:00  |a jtorresc 
260 |a Cambridge  |b Cambridge University Press  |c 1986 
650 0 |a Gramática inglesa  |9 392981 
650 0 |a Educación lingüística  |9 306506 
650 0 |a Lengua inglesa  |9 318842 
583 |a last modification  |c 20070713 00:00:00  |k Rodrigo Vera 
999 |c 326470  |d 326468 
952 |0 0  |1 0  |4 0  |6 428_000000000000000_GAI_1986  |7 0  |8 A  |9 408369  |a BIBEDU  |b BIBEDU  |d 2019-11-22  |i 4346122  |o 428 GAI 1986  |p 4346122  |r 2019-11-22  |w 2019-11-22  |y BK  |k LIT